000 00705nam a22001697a 4500
005 20260124092520.0
008 230712b ||||| |||| 00| 0 eng d
040 _cSSBUL
_dSSBUL
082 _223
_a၁၂၈ လူ ၁၆၁၂၃ (S-SAT)
245 _aလူနှင့်ပတ်ဝန်းကျင်တို့၏အညမညသဘောတရား /
250 _aစုဒ္ဒသမကြိမ်။
260 _aရန်ကုန်၊
_bပါတီပုံနှိပ်တိုက်၊
_c၁၉၈၁။
300 _a၆၉ စာမျက်နှာ၊
_c၂၁ စင်တီ။
500 _aS-SAT: Dr. Prof Sai Aung Tun
650 _aလူ။
_927828
942 _2ddc
_cBK1
999 _c27081
_d27081